15 Largest Cities in Iran🇮🇷 - Statistics

General Stats
  • This quiz has been taken 57 times
  • The average score is 7 of 15
Answer Stats
Population City % Correct
7.1 mil Tehran
100%
2.3 mil Mashad
90%
1.5 mil Isfahan
88%
900k Qom
83%
1.2 mil Shiraz
83%
1.4 mil Tabriz
75%
841k Ahvaz
52%
1.4 mil Karaj
42%
594k Rasht
31%
577k Kerman
29%
621k Kermanshah
25%
551k Zahedan
25%
577k Orumiyeh
6%
766k Kahriz
2%
787k Pasragad Branch
2%
No matching quizzes found
Score Distribution
Percent of People with Each Score
Percentile by Number Answered
Your Score History
You have not taken this quiz